000 00821nam a2200229Ii 4500
003 JO-AjNU
008 230605s9999||||xx |||||||||||||| ||und||
017 _a1434/6361
020 _a978-603-8077-33-7
040 _aJO-AjNU
_bara
_erda
_cJO-AjNU
041 _aara
050 1 4 _aKRM500.2013
100 3 _a الدلجاوي ، احمد عبد الصبور,
_eauthor
_953127
245 0 0 _aالعيادات القانونية بين النظرية والتطبيق
250 _aط1
264 3 1 _aجدة : دار حافظ، 2013
300 _a229ص
_bيشتمل على مراجع ببلوغرافية ص (213-216)
336 _atext
_btxt
_2rdacontent
337 _aunmediated
_bn
_2rdamedia
338 _avolume
_bnc
_2rdacarrier
650 4 _aالقانون المدني -- العيادات القانونية
_953128
999 _aA23576
_c27144
_d27144